Name the 9 Rings of Hell Quiz Stats

 Plays Quiz not verified by Sporcle

Support Sporcle.
Go Orange.
Score 0/9 Timer 15:00
0 Plays Today
Rings of Hell % Correct
Limbo
84.2%
The Lustful
31.6%
The Gluttonous
26.3%
Heretics
26.3%
Fraud
26.3%
Treachery
26.3%
The Violent
15.8%
The Wrathful and Sullen
10.5%
The Avaricious and Prodigal
5.3%

You're not logged in!

Compare scores with friends on all Sporcle quizzes.
OR
Log In

From the Vault

Match 'Em Up Blitz - Food

by THEJMAN

We hope you've got some food on hand, because taking this quiz made us hungry.
Remove Ads.
Support Sporcle.
Get the best of Sporcle when you Go Orange. This ad-free experience offers more features, more stats, and more fun while also helping to support Sporcle. Thank you for becoming a member.

Show Comments

Extras

Created Nov 13, 2009ReportNominate
Tags:hell, Ring

Top Quizzes Today


Score Distribution

Your Account Isn't Verified!

In order to create a playlist on Sporcle, you need to verify the email address you used during registration. Go to your Sporcle Settings to finish the process.

Report this User

Report this user for behavior that violates our Community Guidelines.

Details: